|
|
|
|
| LEADER |
00900nab a2200253 i 4500 |
| 001 |
misc65579 |
| 005 |
20230116084540.0 |
| 008 |
220517s1962 hu o 0|| hun d |
| 022 |
|
|
|a 0025-0368
|
| 040 |
|
|
|a SZTE Miscellanea Repozitórium
|b hun
|
| 041 |
|
|
|a hun
|
| 100 |
1 |
|
|a Lakó György
|
| 245 |
1 |
0 |
|a Mutatvány a készülő finnugor etimológiai szótárból
|h [elektronikus dokumentum] /
|c Lakó György
|
| 260 |
|
|
|c 1962
|
| 300 |
|
|
|a 267-276
|c 25 cm
|
| 300 |
|
|
|a [10] p.
|c 25 cm
|
| 490 |
0 |
|
|a A Magyar Tudományos Akadémia Nyelv- és Irodalomtudományi Osztályának Közleményei
|
| 561 |
|
|
|a Németh Gyula hagyaték
|
| 591 |
|
|
|a NOM 3075
|
| 650 |
|
4 |
|a Bölcsészettudományok
|
| 650 |
|
4 |
|a Nyelvek és irodalom
|
| 695 |
|
|
|a Finnugor nyelvek - etimológia
|
| 700 |
0 |
1 |
|a Rédei Károly
|
| 856 |
4 |
0 |
|u http://misc.bibl.u-szeged.hu/65579/1/3075_nom_l18.pdf
|z Dokumentum-elérés
|